Policy on small and medium-sized enterprises in Central and Eastern European countries : (Record no. 28292)
[ view plain ]
| 000 -LEADER | |
|---|---|
| fixed length control field | 01189nam a22002655i 4500 |
| 003 - CONTROL NUMBER IDENTIFIER | |
| control field | EG-ScBUE |
| 005 - DATE AND TIME OF LATEST TRANSACTION | |
| control field | 20200309100315.0 |
| 008 - FIXED-LENGTH DATA ELEMENTS--GENERAL INFORMATION | |
| fixed length control field | 200219s1992 pl f b 100 0 eng d |
| 040 ## - CATALOGING SOURCE | |
| Original cataloging agency | EG-ScBUE |
| Language of cataloging | eng |
| Description conventions | rda |
| Transcribing agency | EG-ScBUE |
| Modifying agency | EG-ScBUE |
| 082 04 - DEWEY DECIMAL CLASSIFICATION NUMBER | |
| Classification number | 338.642 |
| Item number | POL |
| Edition number | 22 |
| 245 00 - TITLE STATEMENT | |
| Title | Policy on small and medium-sized enterprises in Central and Eastern European countries : |
| Remainder of title | survey and comparative study / |
| Statement of responsibility, etc | edited by Bogdan Piasecki, Dept. of Entrepreneurship and Industrial Policy, University of Ladz, Poland ; English text editor Leszek podbielski. |
| 264 #1 - PUBLICATION, DISTRIBUTION, ETC. (IMPRINT) | |
| Place of publication, distribution, etc | Warszawa : |
| Name of publisher, distributor, etc | Zakład Poligraficzny, |
| Date of publication, distribution, etc | [1992] |
| 300 ## - PHYSICAL DESCRIPTION | |
| Extent | 263 pages ; |
| Dimensions | 24 cm |
| 336 ## - CONTENT TYPE | |
| Content type term | text |
| Content type code | txt |
| Source | rdacontent |
| 337 ## - MEDIA TYPE | |
| Media type term | unmediated |
| Media type code | n |
| Source | rdamedia |
| 338 ## - CARRIER TYPE | |
| Carrier type term | volume |
| Carrier type code | nc |
| Source | rdacarrier |
| 500 ## - GENERAL NOTE | |
| General note | "Organizing Committee 19th International Small Business Congress, October 11-14, 1992, Warsaw, Poland."-- title page. |
| 650 #7 - SUBJECT ADDED ENTRY--TOPICAL TERM | |
| Topical term or geographic name as entry element | Small business |
| Geographic subdivision | Europe, Eastern |
| Form subdivision | Congresses. |
| Source of heading or term | BUEsh |
| 650 #7 - SUBJECT ADDED ENTRY--TOPICAL TERM | |
| Topical term or geographic name as entry element | Small business |
| Geographic subdivision | Europe, Eastern |
| Form subdivision | Congresses. |
| Source of heading or term | BUEsh |
| 653 ## - INDEX TERM--UNCONTROLLED | |
| Resource For college | BAEPS, Business Administration |
| Arrived date list | March2020 |
| 700 1# - ADDED ENTRY--PERSONAL NAME | |
| Personal name | Piasecki, Bogdan, |
| Relator term | editor. |
| 700 1# - ADDED ENTRY--PERSONAL NAME | |
| Personal name | podbielski, Leszek, |
| Relator term | English editor. |
| 942 ## - ADDED ENTRY ELEMENTS (KOHA) | |
| Source of classification or shelving scheme | Dewey Decimal Classification |
| Koha item type | Book - Borrowing |
| Withdrawn status | Lost status | Source of classification or shelving scheme | Damaged status | Not for loan | Collection code | Home library | Current library | Shelving location | Date acquired | Source of acquisition | Total Checkouts | Full call number | Barcode | Date last seen | Price effective from | Koha item type |
|---|---|---|---|---|---|---|---|---|---|---|---|---|---|---|---|---|
| Dewey Decimal Classification | unknown | Central Library | Central Library | First floor | 09/03/2020 | Purchase | 338.642 POL | 000048932 | 15/07/2025 | 09/03/2020 | Book - Borrowing |